|
|
|
|
| LEADER |
00000nam a22000007a 4500 |
| 005 |
20191018131431.0 |
| 007 |
cr|||| |||| |
| 008 |
191018c20169999es fr|w s|||| 0|||b1spa d |
| 022 |
|
|
|a 1131-8635
|
| 035 |
|
|
|a 5162
|
| 040 |
|
|
|a vLex
|
| 090 |
|
|
|c 9915
|d 9915
|
| 245 |
0 |
0 |
|a Cuadernos de Relaciones Laborales
|h [Recurso electrn̤ico] /
|
| 256 |
|
|
|a Servicio en ln̕ea
|
| 260 |
|
|
|a Madrid:
|b Universidad Complutense de Madrid,
|c 2016 -
|
| 300 |
|
|
|a 1 recurso electrn̤ico
|
| 310 |
|
|
|a Semestral
|
| 362 |
|
|
|a Nð 1 (Ene. 2016) -
|
| 506 |
1 |
|
|a Disponible solo en los productos indicados
|d vLex Global
|d vLex Global (Academic Edition, excluding Law Schools)
|d vLex Global (U.S. Academic Edition, Law Schools)
|d vLex Global (U.S. Academic Edition, excluding Law Schools)
|d vLex Global (Academic Edition, Law Schools)
|
| 650 |
0 |
4 |
|a Derecho Laboral y Seguridad Social
|z Espaą
|
| 740 |
0 |
|
|a vLex Revistas (Servicio en ln̕ea)
|
| 856 |
4 |
0 |
|u http://vlex.com/source/cuadernos-relaciones-laborales-5162
|z Acceso restringido
|
| 942 |
|
|
|c REV
|
| 999 |
0 |
|
|a Labor law and social security
|